Child abuse (Record no. 37257)

MARC details
000 -LEADER
fixed length control field 00558nam a2200157 a 4500
008 - FIXED-LENGTH DATA ELEMENTS--GENERAL INFORMATION
fixed length control field 120416s0000 ||||||||||||||||| || u
020 ## - INTERNATIONAL STANDARD BOOK NUMBER
International Standard Book Number 1861680546
050 ## - LIBRARY OF CONGRESS CALL NUMBER
Classification number HV 6626.5 Chi
100 ## - MAIN ENTRY--PERSONAL NAME
Personal name Donnellan, Craig
245 10 - TITLE STATEMENT
Title Child abuse
Statement of responsibility, etc. edited by Craig Donnellan
246 ## - VARYING FORM OF TITLE
Title proper/short title issues
260 ## - PUBLICATION, DISTRIBUTION, ETC.
Place of publication, distribution, etc. Cambridge
Name of publisher, distributor, etc. Independence Educational Publishers
Date of publication, distribution, etc. 1998
300 ## - PHYSICAL DESCRIPTION
Extent 44p. : ill.
350 ## - PRICE (NR) (BK AM CF MU VM SE) [OBSOLETE]
Price 0.00
995 ## - RECOMMENDATION 995 [LOCAL, UNIMARC FRANCE]
-- 0.00
-- CBU-MAIN LIBRARY (Kitwe)
-- 1
-- 12.95
-- 1
-- AVAILABLE
-- Main Library Open Access Collection
Holdings
Withdrawn status Lost status Source of classification or shelving scheme Damaged status Not for loan Home library Current library Shelving location Date acquired Total Checkouts Full call number Barcode Date last seen Price effective from Koha item type
          CBU-MAIN LIBRARY, KITWE. CBU-MAIN LIBRARY, KITWE.   11/30/2022   HV 6626.5 Chi 48050 11/30/2022 11/30/2022 MONOGRAPH